000 00768nam a2200253 i 4500
001 178180
003 ES-MaACL
005 20230905120955.0
008 110520s1997 sp d f |||| | spa d
020 _a84-376-1110-5
080 _a811.112.2'36
100 1 _aRuipérez, Germán.
_9146649
245 1 0 _aGramática alemana /
_cGermán Ruipérez.
250 _a3ª ed.
260 _aMadrid :
_bCátedra,
_c1997.
300 _a254 p. :
_bgráf. ;
_c21 cm.
490 1 _aLingüística
500 _aÍndice.
650 0 4 _aLengua alemana-
_xGramática.
_914085
830 0 _aLingüística
_9178629
852 _aES-MaACL
_9185039
_bR.145507
_jA-11223
_cDEPO1
_dOlim: N-4227
_xDonación: Editorial
942 _2udc
_cMONOGRAFIA
999 _c178180
_d178180